000 00377pab a2200145 454500
008 180718b1995 xxu||||| |||| 00| 0 eng d
100 _aRangarajan, C.
245 _aFinancial sector reforms
260 _c1995
300 _ap.8; 9 Jan 1995, p.8; 10 Jan 1995, p.8
362 _a7 Jan
650 _aFinance, Public - India
773 _aHindu (Business Line)
909 _a28292
999 _c28292
_d28292